Estrategias de programación televisiva
-д хадгалсан:
| Үндсэн зохиолч: | |
|---|---|
| Формат: | Ном |
| Хэл сонгох: | испани |
| Хэвлэсэн: |
Madrid
Síntesis
2011
|
| Хэвлэл: | 1a. ed |
| Нөхцлүүд: | |
| Шошгууд: |
Шошго нэмэх
Шошго байхгүй, Энэхүү баримтыг шошголох эхний хүн болох!
|
MARC
| LEADER | 00000cam a2200000 a 4500 | ||
|---|---|---|---|
| 001 | UCD5029 | ||
| 003 | CL-VaPUC | ||
| 008 | 160807e20110000sp |||||||||||||||||spa|d | ||
| 020 | |a 9788497567367 | ||
| 082 | 0 | 4 | |a 384.55 |b ARA |2 21 |
| 100 | 0 | |a Arana, Edorta |e author |9 588757 | |
| 245 | 1 | 0 | |a Estrategias de programación televisiva |
| 250 | |a 1a. ed | ||
| 300 | |a 225 p | ||
| 942 | |c BK | ||
| 945 | |d 20160807 22:49:00 |a dcastane | ||
| 260 | |a Madrid |b Síntesis |c 2011 | ||
| 650 | 0 | |a Televisión |9 256845 | |
| 650 | 0 | |a Medios de comunicación |9 257206 | |
| 650 | 0 | |a Programas de televisión |9 335092 | |
| 583 | |a last modification |c 20160807 22:49:00 |k Rodrigo Vera | ||
| 999 | |c 365796 |d 365794 | ||
| 952 | |0 0 |1 0 |3 erb |4 0 |6 384_550000000000000_ARA_2011 |7 0 |8 A |9 479754 |a BIBCUR |b BIBCUR |i 5335353 |o 384.55 ARA 2011 |p 5335353 |r 2025-04-22 |w 2019-11-24 |y BK |z Catalogado en:20160807 |k PER | ||
| 952 | |0 0 |1 0 |3 erb |4 0 |6 384_550000000000000_ARA_2011 |7 0 |8 A |9 479755 |a BIBCUR |b BIBCUR |i 5435978 |o 384.55 ARA 2011 |p 5435978 |r 2025-04-22 |w 2019-11-24 |y BK |z Catalogado en:20171117 |k PER | ||